| 000 | 00926nam a22002297a 4500 | ||
|---|---|---|---|
| 005 | 20240530110855.0 | ||
| 008 | 211003s2016 ua a g b 000 0 ara d | ||
| 017 |
_a2015/17840 _bمصر. دار الكتب |
||
| 020 | _a9789776456730 | ||
| 040 |
_aEG-CaGPL _cEG-CaGPL |
||
| 082 | 0 | 4 |
_221 _a378.04\ _bع ت |
| 100 | 0 | _aعلى صالح جوهر | |
| 245 | 1 | 0 |
_aتمويل التعليم العالى العام والخاص : _bتوجيهات عالمية وعربية معاصرة / _cعلى صالح جوهر ، وائل وفيق رضوان |
| 250 | _aط.1 | ||
| 260 |
_aالقاهرة : _bدار الجوهرة للنشر و التوزيع ، _c2016 |
||
| 300 |
_a277 ص. ؛ _c24 سم. |
||
| 650 | 0 | 7 |
_2qrmak _aالتعليم العالى الخاص |
| 650 | 0 | 7 |
_aالتعليم العالى الخاص _zمصر |
| 651 | _2qrmak | ||
| 700 | 0 |
_aوائل وفيق رضوان _eمؤلف مشارك |
|
| 942 |
_2ddc _cBK |
||
| 999 |
_c66022 _d66022 |
||